000 00406nam a2200181Ia 4500
001 7548
005 20260306160503.0
008 260306t2017||||xx |||||||||||||| ||spa||
041 _aESP
082 _a339.47
_bB28
100 _aBauman, Zygmunt
_eAUT
245 0 _aVida de consumo
260 _c2017
300 _a205 páginas :
_c21 cm.
650 _aGEN
654 _aCAN
942 _cLIB
_dJUS
_fJUS
_2ddc
_n
999 _c7548
_d7548